| 000 | 01300nam a2200337Ia 4500 | ||
|---|---|---|---|
| 001 | ebr10020627 | ||
| 003 | CaPaEBR | ||
| 006 | m u | ||
| 007 | cr cn||||||||| | ||
| 008 | 020626s2002 nyua sb 001 0 eng d | ||
| 010 | _z 2002010223 | ||
| 015 | _aGBA2-U7831 | ||
| 020 | _z9780814426906 | ||
| 020 | _z0814471722 (pbk. : alk. paper) | ||
| 040 |
_aCaPaEBR _cCaPaEBR |
||
| 035 | _a(OCoLC)52242355 | ||
| 050 | 1 | 4 |
_aHD69.P75 _bN49 2002eb |
| 082 | 0 | 4 |
_a658.4/04/076 _221 |
| 100 | 1 |
_aNewell, Michael W., _d1945- |
|
| 245 | 1 | 0 |
_aPreparing for the project management professional (PMP) certification exam _h[electronic resource] / _cMichael W. Newell. |
| 250 | _a2nd ed. | ||
| 260 |
_aNew York : _bAMACOM, _cc2002. |
||
| 300 |
_axiv, 411 p. : _bill. |
||
| 504 | _aIncludes bibliographical reference (p. 403-404) and index. | ||
| 533 |
_aElectronic reproduction. _bPalo Alto, Calif. : _cebrary, _d2013. _nAvailable via World Wide Web. _nAccess may be limited to ebrary affiliated libraries. |
||
| 650 | 0 | _aManagement. | |
| 650 | 0 |
_aProject management _vExaminations, questions, etc. |
|
| 655 | 7 |
_aElectronic books. _2local |
|
| 710 | 2 | _aebrary, Inc. | |
| 856 | 4 | 0 |
_uhttp://site.ebrary.com/lib/rucke/Doc?id=10020627 _zAn electronic book accessible through the World Wide Web; click to view |
| 999 |
_c9302 _d9302 |
||